Marchlands : a novel /

A bad year in the life of Sophie Behr, 15, daughter of a sheep rancher in Wyoming. Father has abandoned the family, brother is in Vietnam, mother drinks and Sophie is pregnant by a ranch hand.

Saved in:
Bibliographic Details
Main Author: Kuban, Karla.
Format: Book
Language:English
Published: New York : Scribner, c1998.
Subjects:
Tags: Add Tag
No Tags, Be the first to tag this record!
LEADER 01176nam a22003378a 4500
001 007719298-2
005 20020606104010.5
008 970827s1998 nyu 000 1 eng
010 |a  97037254  
020 |a 0684831651 
035 0 |a ocm37574054 
040 |a DLC  |c DLC 
043 |a n-us-wy 
050 0 0 |a PS3561.U183  |b M37 1998 
082 0 0 |a 813/.54  |2 21 
100 1 |a Kuban, Karla. 
245 1 0 |a Marchlands :  |b a novel /  |c Karla Kuban. 
260 |a New York :  |b Scribner,  |c c1998. 
300 |a 270 p. ;  |c 25 cm. 
520 |a A bad year in the life of Sophie Behr, 15, daughter of a sheep rancher in Wyoming. Father has abandoned the family, brother is in Vietnam, mother drinks and Sophie is pregnant by a ranch hand. 
650 0 |a Mothers and daughters  |v Fiction. 
650 0 |a Teenage pregnancy  |v Fiction. 
650 0 |a Absentee fathers  |v Fiction. 
650 0 |a Sheep ranchers  |v Fiction. 
650 0 |a Ranch life  |v Fiction. 
651 0 |a Wyoming  |v Fiction. 
655 7 |a Fiction.  |2 fast 
655 7 |a Bildungsromans.  |2 gsafd 
776 0 8 |i Online version:  |a Kuban, Karla.  |t Marchlands.  |d New York, NY : Scribner, ©1998  |w (OCoLC)605472144 
988 |a 20020608 
906 |0 DLC